000 01095nam\a2200301\a\4500
001 57741
005 20260402152517.0
008 260402t20172017enka b 001 0 eng d
020 _a9780349412481
_q(paperback)
040 _aYDXCP
_beng
_cYDXCP
_erda
_dOCLCQ
_dUAB
_dOCLCF
_dLSD
_dBD-DhIUB
042 _alccopycat
050 0 0 _aHF5549.5.S38
_bC46 2017
082 0 4 _a658.3/112
_223
100 1 _aChamorro-Premuzic, Tomas,
_eauthor.
245 1 4 _aThe talent delusion :
_bthe new psychology of human potential /
_cTomas Chamorro-Premuzic, Ph.D.
246 3 4 _aTalent delusion :
_bwhy data, not intuition, is the key to unlocking human potential
260 _aUK:
_bPiatus
_c2017
300 _axvii, 283 pages :
_billustrations ;
_c24 cm
504 _aIncludes bibliographical references (pages 235-272) and index.
526 _aSBE
_bhrm
_lREF
541 _aTRIM
650 0 _aEmployee selection.
650 0 _aPersonnel management.
650 0 _aPsychology, Industrial.
650 0 _aPsychology, Applied.
942 _2ddc
_cBK
999 _c57741
_d57915